000 00909nam a2200241Ia 4500
001 17690
003 GE_BSU
008 181216s||||||||xx |||||||||||||| ||und||
040 _cGE_BSU
080 _a82-93:821.353.1-32
100 _aკეჭაღმაძე, გიორგი
245 _aჩვენ ვეძებთ ბათოს
245 _bმოთხრობები
245 _cრედ.:მ.ახვლედიანი;მხატვ.:ო.ხარატიშვილი
260 _aთბილისი
260 _bნაკადული
260 _c1975
300 _a180გვ.;17სმ
653 _aმოთხრობები
653 _aმოთხრობები უმცრ. სასკოლო ასაკის ბავშვთათვის
653 _aროდის აშენდება ქალაქი
942 _cBK
999 _c50738
_d50738